| 000 | 00353nam a2200121Ia 4500 | ||
|---|---|---|---|
| 008 | 220216s9999 xx 000 0 und d | ||
| 100 | _aBristow Michael | ||
| 245 | 0 | _aWhat the new SMR means : New technically specified rubbers open up prospects for processors | |
| 260 |
_bRubber Board Bulletin _c1982 |
||
| 300 | _a14-17 | ||
| 650 | _aSMR | ||
| 942 | _cJS | ||
| 999 |
_c72375 _d72375 |
||